Historické okienko

Bibliographic Details
Format: Article
Language:Slovak
Subjects:

MARC

LEADER 00000nab a2200000 ar4500
001 vtls009007836
003 SK-MaSNL
005 20260303065459.0
008 070717c2006 xo mr|p|||||||000 b|slo
038 |a SNSK 
040 |b slo  |c SNSK  |e AACR2 
041 |a slo 
044 |a xo  |c SK 
080 |a 339.372.2  |x (091)  |2 2001 
245 0 0 |a Historické okienko 
650 0 7 |a obchody  |2 snsk  |9 3004 
651 7 |a Spišská Nová Ves (Slovensko)  |2 snsk  |9 28800 
773 0 |t Novovešťan  |g Roč. II., č. 5 (2006), s. 3 
852 |a SNSK  |b KIS3GCP 
999 |c 1751341  |d 1753271